| 000 | 00532cam a2200169 4500 | ||
|---|---|---|---|
| 001 | D14151 | ||
| 008 | 090401t1933 xxu||||| |||| 00| 0 eng d | ||
| 035 | _a(Sirsi) u94649 | ||
| 041 | _aeng | ||
| 100 | _aVane, W.M. | ||
| 245 | 4 | _aThe Junker, landowner, and farmer: a comparison of some problems of estate management in England and Germany | |
| 260 |
_bW M Vane _c1933 |
||
| 350 | _a0 | ||
| 520 | _aReport of travel in Germany made possible by a surveyors Institution Scholarship in 1932/33 | ||
| 942 | _n0 | ||
| 948 | _c04/03/1997 | ||
| 999 |
_c98111 _d98111 |
||